Possibility of applying artificial intelligence in terms of intelligent transport systems

Význam umelej inteligencie v inteligentných dopravných systémoch. Využitie techník umelej inteligencie v cestnej doprave, v inteligentných navigačných systémoch, v elektronických platbách, pri riadení dopravy, v informačných systémoch pre cestujúcich a v iných oblastiach dopravy. Zlepšenie bezpečnos...

Descrizione completa

Salvato in:
Dettagli Bibliografici
Autore principale: Lendel, Viliam
Altri autori: Štencl, Michael
Natura: Capitolo di libro
Lingua:inglese
Soggetti:
Tags: Aggiungi Tag
Nessun Tag, puoi essere il primo ad aggiungerne!!

MARC

LEADER 00000naa a2200000 4500
001 0134687
005 20231018105621.9
041 0 |a eng 
044 |a SK 
245 1 0 |a Possibility of applying artificial intelligence in terms of intelligent transport systems  |c Viliam Lendel, Michael Štencl 
520 |a Význam umelej inteligencie v inteligentných dopravných systémoch. Využitie techník umelej inteligencie v cestnej doprave, v inteligentných navigačných systémoch, v elektronických platbách, pri riadení dopravy, v informačných systémoch pre cestujúcich a v iných oblastiach dopravy. Zlepšenie bezpečnosti a účinnosti v doprave využitím inteligentných dopravných systémov. 
610 2 0 |a doprava 
610 2 0 |a inteligencia umelá 
610 2 0 |a doprava cestná 
610 2 0 |a bezpečnosť dopravy 
610 2 0 |a manažment informačný 
100 1 |a Lendel, Viliam 
700 1 |a Štencl, Michael